| 000 | 00902nam a2200217Ia 4500 | ||
|---|---|---|---|
| 999 |
_c39356 _d39356 |
||
| 001 | 5944 | ||
| 003 | GE_BSU | ||
| 005 | 20190826124838.0 | ||
| 008 | 181216s1963||||ge |||||||||||||| ||geo|| | ||
| 040 | _cGE_BSU | ||
| 041 | _ageo | ||
| 080 | _a821.353.1-1 ა-13 | ||
| 100 |
_aაბაშიძე, ირაკლი _93740 |
||
| 245 |
_aპალესტინა, პალესტინა!.. "რუსთაველის ნაკვალევზე" : _bლექსები / _cირაკლი აბაშიძე. |
||
| 264 |
_aთბილისი : _bლიტერატურა და ხელოვნება ; _c1963. |
||
| 300 |
_a39 გვ. ; _c20 სმ. |
||
| 653 | _aლექსები | ||
| 653 | _aპალესტინა, პალესტინა!.. | ||
| 653 | _aრუსთაველის ნაკვალევზე | ||
| 942 |
_cBK _2udc |
||